00597nam a2200169 a 450000500170000000800410001702000180005805000220007610000160009824500570011426000490017130000230022065000220024365000230026599900190028895201200030720140412111310.0010424s19uu xx 00 eng d a0-671-70226-2 aTR(PS EbAr2 1990 aDijs, Carla aAre you my mommy? :ba pop ub book /cby Carla Dijs. aNew York :bLittle Simon Merchandise,c1990. a1 v. (unp.) ; ill. aMothers - Stories aChildren's stories c103938d103938 001040aELbELcTRd2001-04-24eLib. Fundg219.00l0oTR(PS E Ar2 1990pE6136r2014-04-12 00:00:00w2014-04-12yBK